<?xml version="1.0" encoding="UTF-8"?>
<record
    xmlns:xsi="http://www.w3.org/2001/XMLSchema-instance"
    xsi:schemaLocation="http://www.loc.gov/MARC21/slim http://www.loc.gov/standards/marcxml/schema/MARC21slim.xsd"
    xmlns="http://www.loc.gov/MARC21/slim">

  <leader>02426nam a22002777a 4500</leader>
  <controlfield tag="001"> 48558 </controlfield>
  <controlfield tag="003">UA-OsUOA</controlfield>
  <controlfield tag="005">20260508113858.0</controlfield>
  <controlfield tag="007">ta</controlfield>
  <controlfield tag="008">20130602b un ||un o|||| 00| 0 ukr dukr d</controlfield>
  <datafield tag="020" ind1=" " ind2=" ">
    <subfield code="a">9789668499883</subfield>
  </datafield>
  <datafield tag="040" ind1=" " ind2=" ">
    <subfield code="a">UA-OsUOA</subfield>
    <subfield code="b">ukr</subfield>
    <subfield code="c">UA-OsUOA</subfield>
    <subfield code="d">UA-OsUOA</subfield>
  </datafield>
  <datafield tag="041" ind1=" " ind2=" ">
    <subfield code="a">ukr</subfield>
  </datafield>
  <datafield tag="080" ind1=" " ind2=" ">
    <subfield code="a">94(477)"1918"</subfield>
  </datafield>
  <datafield tag="090" ind1=" " ind2=" ">
    <subfield code="a">94(477)"1918"</subfield>
    <subfield code="b">&#x41A;84</subfield>
  </datafield>
  <datafield tag="245" ind1=" " ind2=" ">
    <subfield code="a">&#x41A;&#x440;&#x443;&#x442;&#x438;</subfield>
    <subfield code="b">&#x437;&#x431;&#x456;&#x440;&#x43A;&#x430; &#x443; &#x43F;&#x430;&#x43C;'&#x44F;&#x442;&#x44C; &#x433;&#x435;&#x440;&#x43E;&#x457;&#x432; &#x41A;&#x440;&#x443;&#x442;</subfield>
    <subfield code="c">&#x443;&#x43F;&#x43E;&#x440;. &#x41E;&#x441;&#x438;&#x43F; &#x417;&#x456;&#x43D;&#x43A;&#x435;&#x432;&#x438;&#x447;, &#x41D;&#x430;&#x434;&#x456;&#x44F; &#x417;&#x456;&#x43D;&#x43A;&#x435;&#x432;&#x438;&#x447;</subfield>
  </datafield>
  <datafield tag="260" ind1=" " ind2=" ">
    <subfield code="a">&#x41A;&#x438;&#x457;&#x432;</subfield>
    <subfield code="b">&#x421;&#x43C;&#x43E;&#x43B;&#x43E;&#x441;&#x43A;&#x438;&#x43F;</subfield>
    <subfield code="c">2008</subfield>
  </datafield>
  <datafield tag="300" ind1=" " ind2=" ">
    <subfield code="a">422 &#x441;.</subfield>
  </datafield>
  <datafield tag="520" ind1=" " ind2=" ">
    <subfield code="a">29 &#x441;&#x456;&#x447;&#x43D;&#x44F; 1918 &#x440;&#x43E;&#x43A;&#x443; &#x432;&#x456;&#x434;&#x431;&#x443;&#x43B;&#x430;&#x441;&#x44C; &#x43D;&#x430;&#x434;&#x437;&#x432;&#x438;&#x447;&#x430;&#x439;&#x43D;&#x43E; &#x442;&#x440;&#x430;&#x433;&#x456;&#x447;&#x43D;&#x430; &#x43F;&#x43E;&#x434;&#x456;&#x44F; &#x432; &#x443;&#x43A;&#x440;&#x430;&#x457;&#x43D;&#x441;&#x44C;&#x43A;&#x456;&#x439; &#x456;&#x441;&#x442;&#x43E;&#x440;&#x456;&#x457; - &#x431;&#x456;&#x439; &#x43F;&#x456;&#x434; &#x41A;&#x440;&#x443;&#x442;&#x430;&#x43C;&#x438;. &#x423;&#x440;&#x44F;&#x434; &#x423;&#x41D;&#x420;, &#x43E;&#x43F;&#x438;&#x43D;&#x438;&#x432;&#x448;&#x438;&#x441;&#x44C; &#x431;&#x435;&#x437; &#x432;&#x456;&#x439;&#x441;&#x44C;&#x43A;&#x430;, &#x43A;&#x438;&#x43D;&#x443;&#x432; &#x43D;&#x430; &#x43F;&#x440;&#x43E;&#x442;&#x438;&#x441;&#x442;&#x43E;&#x44F;&#x43D;&#x43D;&#x44F; &#x437; &#x440;&#x43E;&#x441;&#x456;&#x439;&#x441;&#x44C;&#x43A;&#x43E;&#x44E; &#x430;&#x440;&#x43C;&#x456;&#x454;&#x44E;, &#x449;&#x43E; &#x439;&#x448;&#x43B;&#x430; &#x43D;&#x430; &#x41A;&#x438;&#x457;&#x432;, &#x43A;&#x456;&#x43B;&#x44C;&#x43A;&#x430; &#x441;&#x43E;&#x442;&#x435;&#x43D;&#x44C; &#x43F;&#x43E;&#x433;&#x430;&#x43D;&#x43E; &#x43E;&#x437;&#x431;&#x440;&#x43E;&#x454;&#x43D;&#x43D;&#x438;&#x445; &#x443;&#x43A;&#x440;&#x430;&#x457;&#x43D;&#x441;&#x44C;&#x43A;&#x438;&#x445; &#x441;&#x442;&#x443;&#x434;&#x435;&#x43D;&#x442;&#x456;&#x432; &#x442;&#x430; &#x433;&#x456;&#x43C;&#x43D;&#x430;&#x437;&#x438;&#x441;&#x442;&#x456;&#x432;. &#x41C;&#x430;&#x439;&#x436;&#x435; &#x432;&#x441;&#x456; &#x432;&#x43E;&#x43D;&#x438; &#x43F;&#x43E;&#x43B;&#x44F;&#x433;&#x43B;&#x438; &#x443; &#x43D;&#x435;&#x440;&#x456;&#x432;&#x43D;&#x43E;&#x43C;&#x443; &#x431;&#x43E;&#x44E;. &#x426;&#x435;&#x439; &#x431;&#x456;&#x439; &#x43E;&#x442;&#x440;&#x438;&#x43C;&#x430;&#x432; &#x432;&#x435;&#x43B;&#x438;&#x447;&#x435;&#x437;&#x43D;&#x435; &#x441;&#x438;&#x43C;&#x432;&#x43E;&#x43B;&#x456;&#x447;&#x43D;&#x435; &#x437;&#x43D;&#x430;&#x447;&#x435;&#x43D;&#x43D;&#x44F; - &#x456; &#x441;&#x430;&#x43C;&#x435; &#x439;&#x43E;&#x433;&#x43E; &#x43D;&#x430;&#x43C;&#x430;&#x433;&#x430;&#x43B;&#x438;&#x441;&#x44F;.
&#x414;&#x43E; &#x437;&#x431;&#x456;&#x440;&#x43A;&#x438; "&#x41A;&#x440;&#x443;&#x442;&#x438;", &#x432;&#x438;&#x434;&#x430;&#x43D;&#x43E;&#x457; "&#x421;&#x43C;&#x43E;&#x43B;&#x43E;&#x441;&#x43A;&#x438;&#x43F;&#x43E;&#x43C;" &#x434;&#x43E; 90-&#x440;&#x456;&#x447;&#x447;&#x44F; &#x431;&#x43E;&#x44E;, &#x443;&#x432;&#x456;&#x439;&#x448;&#x43B;&#x438; &#x43D;&#x430;&#x439;&#x440;&#x456;&#x437;&#x43D;&#x43E;&#x43C;&#x430;&#x442;&#x43D;&#x456;&#x448;&#x456; &#x43C;&#x430;&#x442;&#x435;&#x440;&#x456;&#x430;&#x43B;&#x438;. &#x426;&#x435; &#x439; &#x456;&#x441;&#x442;&#x43E;&#x440;&#x438;&#x447;&#x43D;&#x456; &#x43C;&#x430;&#x442;&#x435;&#x440;&#x456;&#x430;&#x43B;&#x438; &#x442;&#x430; &#x441;&#x442;&#x430;&#x442;&#x442;&#x456;, &#x432; &#x44F;&#x43A;&#x438;&#x445; &#x440;&#x43E;&#x43A;&#x440;&#x438;&#x432;&#x430;&#x454;&#x442;&#x44C;&#x441;&#x44F; &#x445;&#x456;&#x434; &#x442;&#x430; &#x43F;&#x440;&#x438;&#x447;&#x438;&#x43D;&#x438; &#x442;&#x440;&#x430;&#x433;&#x435;&#x434;&#x456;&#x457;, &#x456; &#x445;&#x443;&#x434;&#x43E;&#x436;&#x43D;&#x456; &#x442;&#x432;&#x43E;&#x440;&#x438;, &#x430;&#x43B;&#x435; &#x43D;&#x430;&#x441;&#x430;&#x43C;&#x43F;&#x435;&#x440;&#x435;&#x434; - &#x43F;&#x443;&#x431;&#x43B;&#x456;&#x446;&#x438;&#x441;&#x442;&#x438;&#x43A;&#x430; &#x440;&#x456;&#x437;&#x43D;&#x438;&#x445; &#x447;&#x430;&#x441;&#x456;&#x432;. &#x41D;&#x430;&#x439;&#x446;&#x456;&#x43D;&#x43D;&#x456;&#x448;&#x430; &#x447;&#x430;&#x441;&#x442;&#x438;&#x43D;&#x430; &#x43A;&#x43D;&#x438;&#x433;&#x438; - &#x441;&#x43F;&#x43E;&#x433;&#x430;&#x434;&#x438; &#x43D;&#x435;&#x447;&#x438;&#x441;&#x43B;&#x435;&#x43D;&#x43D;&#x438;&#x445; &#x443;&#x447;&#x430;&#x441;&#x43D;&#x438;&#x43A;&#x456;&#x432; &#x431;&#x43E;&#x44E;, &#x44F;&#x43A;&#x438;&#x43C; &#x432;&#x434;&#x430;&#x43B;&#x43E;&#x441;&#x44F; &#x432;&#x438;&#x436;&#x438;&#x442;&#x438;.
&#x411;&#x430;&#x433;&#x430;&#x442;&#x43E; &#x43C;&#x430;&#x442;&#x435;&#x440;&#x456;&#x430;&#x43B;&#x456;&#x432;, &#x443;&#x437;&#x44F;&#x442;&#x438;&#x445; &#x456;&#x437; &#x432;&#x430;&#x436;&#x43A;&#x43E;&#x434;&#x43E;&#x441;&#x442;&#x443;&#x43F;&#x43D;&#x438;&#x445; &#x434;&#x456;&#x430;&#x441;&#x43F;&#x43E;&#x440;&#x43D;&#x438;&#x445; &#x432;&#x438;&#x434;&#x430;&#x43D;&#x44C;, &#x43F;&#x443;&#x431;&#x43B;&#x456;&#x43A;&#x443;&#x44E;&#x442;&#x44C;&#x441;&#x44F; &#x432; &#x423;&#x43A;&#x440;&#x430;&#x457;&#x43D;&#x456; &#x432;&#x43F;&#x435;&#x440;&#x448;&#x435;. &#x41A;&#x43D;&#x438;&#x433;&#x430; &#x440;&#x43E;&#x437;&#x433;&#x440;&#x430;&#x445;&#x43E;&#x432;&#x430;&#x43D;&#x430; &#x43D;&#x430; &#x448;&#x438;&#x440;&#x43E;&#x43A;&#x435; &#x43A;&#x43E;&#x43B;&#x43E; &#x447;&#x438;&#x442;&#x430;&#x447;&#x456;&#x432;, &#x437;&#x43E;&#x43A;&#x440;&#x435;&#x43C;&#x430; &#x43C;&#x43E;&#x43B;&#x43E;&#x434;&#x44C;.</subfield>
  </datafield>
  <datafield tag="650" ind1=" " ind2="7">
    <subfield code="a">94(477) &#x406;&#x441;&#x442;&#x43E;&#x440;&#x456;&#x44F; &#x423;&#x43A;&#x440;&#x430;&#x457;&#x43D;&#x438;</subfield>
    <subfield code="2">UDC</subfield>
    <subfield code="9">19</subfield>
  </datafield>
  <datafield tag="700" ind1="1" ind2=" ">
    <subfield code="a">&#x417;&#x456;&#x43D;&#x43A;&#x435;&#x432;&#x438;&#x447; &#x41E;.</subfield>
    <subfield code="9">2921</subfield>
  </datafield>
  <datafield tag="700" ind1="1" ind2=" ">
    <subfield code="a">&#x417;&#x456;&#x43D;&#x43A;&#x435;&#x432;&#x438;&#x447; &#x41D;.</subfield>
    <subfield code="9">25199</subfield>
  </datafield>
  <datafield tag="942" ind1=" " ind2=" ">
    <subfield code="c">BK</subfield>
    <subfield code="2">udc</subfield>
  </datafield>
  <datafield tag="955" ind1=" " ind2=" ">
    <subfield code="a">4</subfield>
  </datafield>
  <datafield tag="999" ind1=" " ind2=" ">
    <subfield code="c">428663</subfield>
    <subfield code="d">428663</subfield>
  </datafield>
  <datafield tag="952" ind1=" " ind2=" ">
    <subfield code="0">0</subfield>
    <subfield code="1">0</subfield>
    <subfield code="2">udc</subfield>
    <subfield code="4">0</subfield>
    <subfield code="7">0</subfield>
    <subfield code="8">C_TOMENKO</subfield>
    <subfield code="a">102</subfield>
    <subfield code="b">102</subfield>
    <subfield code="d">2009-11-12</subfield>
    <subfield code="e">129/2009</subfield>
    <subfield code="g">20.00</subfield>
    <subfield code="i">124669</subfield>
    <subfield code="l">0</subfield>
    <subfield code="p">124669</subfield>
    <subfield code="r">2021-09-29 00:00:00</subfield>
    <subfield code="w">2009-11-12</subfield>
    <subfield code="y">BK</subfield>
  </datafield>
  <datafield tag="952" ind1=" " ind2=" ">
    <subfield code="0">0</subfield>
    <subfield code="1">0</subfield>
    <subfield code="2">udc</subfield>
    <subfield code="4">0</subfield>
    <subfield code="7">0</subfield>
    <subfield code="8">C_POLKOVSKYI</subfield>
    <subfield code="a">102</subfield>
    <subfield code="b">102</subfield>
    <subfield code="d">2018-06-01</subfield>
    <subfield code="e">20/2018</subfield>
    <subfield code="g">20.00</subfield>
    <subfield code="i">159186</subfield>
    <subfield code="l">0</subfield>
    <subfield code="p">159186</subfield>
    <subfield code="r">2022-02-11 00:00:00</subfield>
    <subfield code="w">2009-11-12</subfield>
    <subfield code="y">BK</subfield>
  </datafield>
  <datafield tag="952" ind1=" " ind2=" ">
    <subfield code="0">0</subfield>
    <subfield code="1">0</subfield>
    <subfield code="2">udc</subfield>
    <subfield code="4">0</subfield>
    <subfield code="7">0</subfield>
    <subfield code="a">300</subfield>
    <subfield code="b">300</subfield>
    <subfield code="d">2013-06-02</subfield>
    <subfield code="e">293/2012</subfield>
    <subfield code="g">1.00</subfield>
    <subfield code="i">2134505</subfield>
    <subfield code="l">0</subfield>
    <subfield code="o">94(477).06 &#x41A;84</subfield>
    <subfield code="p">2134505</subfield>
    <subfield code="r">2019-09-14 00:00:00</subfield>
    <subfield code="w">2013-06-02</subfield>
    <subfield code="y">BK</subfield>
  </datafield>
  <datafield tag="952" ind1=" " ind2=" ">
    <subfield code="0">0</subfield>
    <subfield code="1">0</subfield>
    <subfield code="2">udc</subfield>
    <subfield code="4">0</subfield>
    <subfield code="7">0</subfield>
    <subfield code="a">300</subfield>
    <subfield code="b">300</subfield>
    <subfield code="d">2009-02-27</subfield>
    <subfield code="e">170/2008</subfield>
    <subfield code="g">1.00</subfield>
    <subfield code="i">2130482</subfield>
    <subfield code="l">0</subfield>
    <subfield code="o">94(477).06 &#x41A;84</subfield>
    <subfield code="p">2130482</subfield>
    <subfield code="r">2019-09-15 00:00:00</subfield>
    <subfield code="w">2009-02-27</subfield>
    <subfield code="y">BK</subfield>
  </datafield>
  <datafield tag="952" ind1=" " ind2=" ">
    <subfield code="0">0</subfield>
    <subfield code="1">0</subfield>
    <subfield code="2">udc</subfield>
    <subfield code="4">0</subfield>
    <subfield code="7">0</subfield>
    <subfield code="a">300</subfield>
    <subfield code="b">300</subfield>
    <subfield code="d">2009-09-22</subfield>
    <subfield code="e">109/2007</subfield>
    <subfield code="g">1.00</subfield>
    <subfield code="i">2131020</subfield>
    <subfield code="l">0</subfield>
    <subfield code="o">94(477).06 &#x41A;84</subfield>
    <subfield code="p">2131020</subfield>
    <subfield code="r">2019-09-15 00:00:00</subfield>
    <subfield code="w">2009-09-22</subfield>
    <subfield code="y">BK</subfield>
  </datafield>
  <datafield tag="952" ind1=" " ind2=" ">
    <subfield code="0">0</subfield>
    <subfield code="1">0</subfield>
    <subfield code="2">udc</subfield>
    <subfield code="4">0</subfield>
    <subfield code="7">0</subfield>
    <subfield code="8">C_Shevchuk_V.</subfield>
    <subfield code="a">101</subfield>
    <subfield code="b">101</subfield>
    <subfield code="d">2026-05-08</subfield>
    <subfield code="e">&#x410;&#x43A;&#x442; &#x2116;24/28.04.2026</subfield>
    <subfield code="g">25.00</subfield>
    <subfield code="i">169916</subfield>
    <subfield code="l">0</subfield>
    <subfield code="o">94(477).06 &#x41A;84</subfield>
    <subfield code="p">169916</subfield>
    <subfield code="r">2026-05-08 11:12:59</subfield>
    <subfield code="v">25.00</subfield>
    <subfield code="w">2026-05-08</subfield>
    <subfield code="y">BK</subfield>
  </datafield>
</record>
